| 000 -LEADER |
| fixed length control field |
00373nam a22001457a 4500 |
| 008 - FIXED-LENGTH DATA ELEMENTS--GENERAL INFORMATION |
| fixed length control field |
131129b xxu||||| |||| 00| 0 eng d |
| 041 0# - LANGUAGE CODE |
| Language code of text/sound track or separate title |
eng |
| 080 ## - UNIVERSAL DECIMAL CLASSIFICATION NUMBER |
| Universal Decimal Classification number |
351.751 |
| 110 ## - |
| -- |
Worl Press Freedom Review |
| 245 00 - TITLE STATEMENT |
| Title |
IPI Report : |
| 260 ## - |
| -- |
2004. |
| 300 ## - |
| -- |
323 f. : |
| -- |
me il. ; |
| -- |
30 cm. |
| 650 #0 - |
| -- |
Paqja |
| -- |
Raport |
| 942 ## - ADDED ENTRY ELEMENTS (KOHA) |
| Source of classification or shelving scheme |
|
| Item type |
Books |